| 000 | 01021 a2200241 4500 | ||
|---|---|---|---|
| 003 | UA-OsUOA | ||
| 005 | 20260310155835.0 | ||
| 008 | 200211b un ||||| |||| 00| 0 ukr d | ||
| 040 |
_aUA-OsUOA _bukr _cUA-OsUOA _dUA-OsUOA |
||
| 041 | _aukr | ||
| 080 | _a94(477) | ||
| 090 |
_a94(477) _bК78 |
||
| 100 |
_aКрасовський І. _924367 |
||
| 245 |
_aЛемківщина у боротьбі за об'єднання з Україною _cІван Красовський |
||
| 260 |
_c1964 _aЙонкерс _bНакладом 2-го Відділу Організації Оборони Лемківщини в Йонкерсі |
||
| 300 | _a32 с. | ||
| 490 |
_aБібліотека "Голосу Лемківщини" _vч. 1 |
||
| 650 |
_2UDC _a94(477) Історія України _91446 |
||
| 700 | 1 |
_aКрасовський І. _924367 |
|
| 942 |
_cBK _2udc |
||
| 955 | _a1 | ||
| 999 |
_c458097 _d458097 |
||